<?xml version="1.0" encoding="UTF-8"?><?xml-stylesheet type="text/xsl" href="static/style.xsl"?><OAI-PMH xmlns="http://www.openarchives.org/OAI/2.0/" xmlns:xsi="http://www.w3.org/2001/XMLSchema-instance" xsi:schemaLocation="http://www.openarchives.org/OAI/2.0/ http://www.openarchives.org/OAI/2.0/OAI-PMH.xsd"><responseDate>2026-06-06T17:51:11Z</responseDate><request verb="GetRecord" identifier="oai:riuma.uma.es:10630/32696" metadataPrefix="marc">https://riuma.uma.es/rest/oai/request</request><GetRecord><record><header><identifier>oai:riuma.uma.es:10630/32696</identifier><datestamp>2026-02-03T12:18:44Z</datestamp><setSpec>com_10630_2254</setSpec><setSpec>col_10630_37959</setSpec></header><metadata><record xmlns="http://www.loc.gov/MARC21/slim" xmlns:dcterms="http://purl.org/dc/terms/" xmlns:doc="http://www.lyncode.com/xoai" xmlns:xsi="http://www.w3.org/2001/XMLSchema-instance" xsi:schemaLocation="http://www.loc.gov/MARC21/slim http://www.loc.gov/standards/marcxml/schema/MARC21slim.xsd">
   <leader>00925njm 22002777a 4500</leader>
   <datafield ind2=" " ind1=" " tag="042">
      <subfield code="a">dc</subfield>
   </datafield>
   <datafield ind2=" " ind1=" " tag="720">
      <subfield code="a">Oballe-Peinado, Óscar</subfield>
      <subfield code="e">author</subfield>
   </datafield>
   <datafield ind2=" " ind1=" " tag="720">
      <subfield code="a">Castellanos-Ramos, Julián</subfield>
      <subfield code="e">author</subfield>
   </datafield>
   <datafield ind2=" " ind1=" " tag="720">
      <subfield code="a">Hidalgo-López, José Antonio</subfield>
      <subfield code="e">author</subfield>
   </datafield>
   <datafield ind2=" " ind1=" " tag="720">
      <subfield code="a">Vidal-Verdú, Fernando</subfield>
      <subfield code="e">author</subfield>
   </datafield>
   <datafield ind2=" " ind1=" " tag="260">
      <subfield code="c">2009</subfield>
   </datafield>
   <datafield ind2=" " ind1=" " tag="520">
      <subfield code="a">Many artificial skins for robotics are based on piezoresistive films that cover an array of electrodes. Local preprocess- ing is a must in these systems to reduce errors and interferences and cope with the large amount of data provided by the sensor. This paper presents circuitry based on an FPGA to implement the interface to the artificial skin. The approach con- sists of a direct connection. The analog to digital conversion procedure is simple. It consists of measuring the discharging time of a capacitor through the resistance we want to read. This first proposed approach needs isolated tactels, so the raw sensor has to be fabricated in this way. If the tactile array is large, the strategy is not feasible. For instance, up to 288 pins are required to implement the interface with an array of 16x16 tactels. The proposal of this work for this case is to replace passive integrators by active ones. The result is a circuitry that allows the cancellation of interferences due to parasitic resis- tors and the sharing of the addressing tracks. Moreover, the FPGA allows the processing of data from the tactile sensor at a very high rate. This is because the high number of I/O pins of the device allows the conversion of many channels (in our case one per column) in parallel. The internal processing of the tactile image can also be done in parallel. This means we could be able to respond to very high demanding tasks in terms of dynamic requirements, like slippage detection. This also means we can run complex algorithms at real time, so a smart, programmable and powerful sensor is obtained.</subfield>
   </datafield>
   <datafield ind1="8" ind2=" " tag="024">
      <subfield code="a">Óscar Oballe-Peinado, Julián Castellanos-Ramos, José A. Hidalgo-López, Fernando Vidal-Verdú, "Direct interfaces for smart skins based on FPGAs," Proc. SPIE 7365, Bioengineered and Bioinspired Systems IV, 73650C (20 May 2009); https://doi.org/10.1117/12.821642</subfield>
   </datafield>
   <datafield ind1="8" ind2=" " tag="024">
      <subfield code="a">https://hdl.handle.net/10630/32696</subfield>
   </datafield>
   <datafield tag="653" ind2=" " ind1=" ">
      <subfield code="a">Tacto</subfield>
   </datafield>
   <datafield tag="653" ind2=" " ind1=" ">
      <subfield code="a">Detectores</subfield>
   </datafield>
   <datafield ind2="0" ind1="0" tag="245">
      <subfield code="a">Direct interfaces for smart skins based on FPGAs</subfield>
   </datafield>
</record>
</metadata></record></GetRecord></OAI-PMH>